000 01184nam0a22002891 4500
001 rc\3221547
005 20250609192436.0
021 _aRU
_b[74-93993]
035 _a(NLR Aleph) 007467586
090 _a7382080
_c7382080
100 _a20130115d1974 |||y0rusy50 ca
101 0 _arus
102 _aRU
105 _ay z |||h|
200 1 _aМолекулярная биология и будущее медицинской генетики
_eАктовая речь. Ноябрь 1974 г.
210 _aМосква
_c[ЦОЛИУВ]
_d1974
215 _a16 с.
_d20
300 _aПеред загл. авт.: Н.Н. Жуков-Вережников, акад., засл. деят. науки РСФСР, УзССР, Каракалп. АССР, лауреат Гос. премии
606 _aМолекулярная биология
_2psbo
606 _aГенетика медицинская
_2psbo
700 1 _aЖуков-Вережников
_bН. Н.
_f1908-1981
_gНиколай Николаевич
_9228633
_3RU\NLR\AUTH\770228689
801 0 _aRU
_bNLR
_gpsbo
801 1 _aRU
_bELAR
_2rusmarc
852 _aNLR
_j74-4/30670
942 _cBOOK
980 _aNB